Geography Double Chain: Cities and Countries #2 - Statistics

General Stats
  • This quiz has been taken 177 times
  • The average score is 17 of 32
Answer Stats
Clue Answer % Correct
Not to be confused with Kingston, Jamaica Kingstown
91%
Location of the United Nations Headquarters United States
90%
Location of the United Nations Headquarters New York
88%
Second in population to Tirana Albania
84%
Head up the coast from Sydney to reach this city Australia
84%
Follows Lagos and Kano in population Nigeria
80%
Former Phoenician port that shares its name with Libya's capital Tripoli
80%
Second in population to Baku Azerbaijan
79%
Biggest city in Patagonia Argentina
78%
Former capital replaced by Nur-Sultan in 1997 Kazakhstan
78%
Capital of the world's smallest island country Nauru
76%
Sits across the river from Paramaribo; #1 used to be called this Suriname
69%
Not to be confused with Kingston, Jamaica Saint Vincent and the Grenadines
68%
Former Phoenician port that shares its name with Libya's capital Lebanon
64%
Former capital replaced by Nur-Sultan in 1997 Almaty
62%
Oasis town whose name is a French transcription of the Arabic اﻟﻮادي meaning "the river" or "the wadi" Algeria
58%
Capital whose country changed its name in 2018 Eswatini
57%
Resort town adjacent to Aqaba Israel
57%
Capital of the world's smallest island country Yaren
51%
Although a 1948 spelling reform suggests it should be called Åbenrå, this town officially maintains an older spelling Denmark
46%
Sits across the river from Paramaribo; #1 used to be called this Nieuw Amsterdam
45%
Capital whose country changed its name in 2018 Mbabane
43%
Follows Lagos and Kano in population Ibadan
42%
Major city on the Bay of Plenty New Zealand
42%
Second in population to Tirana Durrës
26%
Resort town adjacent to Aqaba Eilat
22%
Head up the coast from Sydney to reach this city Newcastle
22%
Biggest city in Patagonia Neuquén
12%
Major city on the Bay of Plenty Tauranga
10%
Although a 1948 spelling reform suggests it should be called Åbenrå, this town officially maintains an older spelling Aabenraa
9%
Oasis town whose name is a French transcription of the Arabic اﻟﻮادي meaning "the river" or "the wadi" El Oued
7%
Second in population to Baku Sumqayit
7%
No matching quizzes found
Score Distribution
Percent of People with Each Score
Percentile by Number Answered
Your Score History
You have not taken this quiz